000 00848nam a2200241 i 4500
001 bg
100 1 _aKIRYLUK, Halina
245 1 0 _aUwarunkowania i kierunki rozwoju turystyki w województwie podlaskim /
_cHalina Kiryluk, Kazimierz Michałowski, Romuald Ziółkowski.
260 _aBiałystok :
_bWydaw. PB,
_c2002.
300 _a174 s. :
_bil., mapy ;
_c24 cm.
490 1 _aRozprawy Naukowe / Politechnika Białostocka,
_x0867-096X ;
_vnr 90
500 _aStreszcz. ang., ros.
504 _aBibliogr.
651 9 _aPodlaskie, województwo
_xturystyka
700 1 _aMICHAŁOWSKI, Kazimierz
700 1 _aZIÓŁKOWSKI, Romuald
830 0 _aRozprawy Naukowe (Politechnika Białostocka) ;
_vnr 90
040 _cBPK
041 0 _apol
_bengrus
080 _a338.48(438)"1989/..."
942 _cKS
008 s pl f |000 0 pol
999 _c43096
_d43096
856 _uhttp://koha.tu.koszalin.pl/cgi-bin/koha/opac-detail.pl?biblionumber=43096
_yKatalog online BPK